| 000 | 00662nam a22002297a 4500 | ||
|---|---|---|---|
| 005 | 20170124105949.0 | ||
| 010 | _aA-460745 | ||
| 020 | _c00.00 | ||
| 035 | _aA-460745 | ||
| 037 | _bCen Lib/Ret | ||
| 040 |
_aDPL _bEN |
||
| 082 |
_a270.42 _bSID |
||
| 100 |
_aSiddiqi, Mohammad Mazheruddin _913097 |
||
| 245 |
_aWomen in islam / _cby Mohammad Mazheruddin Siddiqi |
||
| 260 |
_aDelhi _bJunaid Publications _c1991 |
||
| 270 |
_a1875, Suiwalan _bDelhi _e110006 |
||
| 300 |
_avi159p. _c21cm(Hb) |
||
| 500 | _aIncludes index. | ||
| 650 |
_aMuslim women -- History. _973782 |
||
| 650 |
_aMuslim women _973783 |
||
| 942 |
_2ddc _cEN _h270.42 _mSID |
||
| 999 |
_c125125 _d125125 |
||